ME GUSTA - El ¿Para que? y no el ¿Por que? / (Record no. 23507)

000 -CABECERA
fixed length control field 00852nam a22002417i 4500
003 - IDENTIFICADOR DEL NÚMERO DE CONTROL
control field AR-CdUCM
008 - DATOS DE LONGITUD FIJA--INFORMACIÓN GENERAL
fixed length control field 260127b20222022 pe||||| |||| 00| 0 spa d
020 ## - NÚMERO INTERNACIONAL ESTÁNDAR DEL LIBRO
ISBN 978-612-48854-0-2
040 ## - FUENTE DE LA CATALOGACIÓN
Agencia/entidad que catalogó originalmente la obra MUNICIPALIDAD PROVINCIAL DEL CUSCO
Entidad que transcribió la catalogación BIBLIOTECA MUNICIPAL DEL CUSCO
082 ## - NÚMERO DE LA CLASIFICACIÓN DECIMAL DEWEY
No. de Clasificación ES / 158.1
Notacion interna P12
100 ## - ENTRADA PRINCIPAL--NOMBRE DE PERSONA
Nombre Personal Pacha Apaza, Rossini Dante
245 ## - MENCIÓN DE TÍTULO
Título ME GUSTA - El ¿Para que? y no el ¿Por que? /
260 ## - PUBLICACIÓN, DISTRIBUCIÓN, ETC.
Lugar de publicación, distribución, etc. La Molina-Lima-Perú :
Nombre de la editorial, distribuidor, etc. Almandino Editores
Fecha de publicación, distribución, etc. 2022
300 ## - DESCRIPCIÓN FÍSICA
Nº de Páginas Extensión 78 páginas. :
Dimensiones 21x15 cm.
505 ## - NOTA DE CONTENIDO CON FORMATO
Nota de contenido formateada Superhéroes de verdad -- Como funciona tu mente -- Historias que inspiran -- Una nueva mirada a la muerte
650 ## - PUNTO DE ACCESO ADICIONAL DE MATERIA--TÉRMINO DE MATERIA
Descriptor Si lo puedes soñar
9 (RLIN) 52282
650 ## - PUNTO DE ACCESO ADICIONAL DE MATERIA--TÉRMINO DE MATERIA
Descriptor Leyes de la sabiduría
9 (RLIN) 52283
650 ## - PUNTO DE ACCESO ADICIONAL DE MATERIA--TÉRMINO DE MATERIA
Descriptor Ira
9 (RLIN) 38067
650 ## - PUNTO DE ACCESO ADICIONAL DE MATERIA--TÉRMINO DE MATERIA
Descriptor Resilencia
9 (RLIN) 52284
942 ## - ELEMENTOS DE PUNTO DE ACCESO ADICIONAL (KOHA)
Fuente de clasificación
Tipo de item Libros-BMC
945 ## - PROCESAMIENTO DE INFORMACIÓN LOCAL (OCLC)
Catalogador pbjr
AAAA-MM-DD - Fecha de ingreso o modificacion 27-01-2026
Holdings
Estado de retiro (separado) Fuente de clasificación o esquema de estanterías Estado dañado Ubicación Sala donde se ubica Nombre de la colección Fecha de adquisición o compra Fuente de adquisición Costo, precio normal en soles Signatura topográfica Código de Barras Última vez visto (Koha) Tipo de ítem (Koha)
No     Administrador-biblioteca Administrador-biblioteca Book Cart 2026-01-27     ES / 158.1 / P12 / Ej.2 SI00005129 2026-01-27 Libros-BMC
No     Sala de Infantes Sala de Infantes Book Cart 2026-01-27 Donación 10.00 ES / 158.1 / P12 SI00005128 2026-01-27 Libros-BMC

Powered by Koha